| 000 | 00742nam a22002057a 4500 | ||
|---|---|---|---|
| 008 | 151103b xxu||||| |||| 00| 0 eng d | ||
| 020 | _a9780226076485 (cloth : alk. paper) | ||
| 020 | _a0226076482 (cloth : alk. paper) | ||
| 041 | 0 | _aeng | |
| 080 | _a368.4 | ||
| 245 | 0 | 0 |
_aSocial security policy in a changing environment _cedited by Jeffrey R. Brown, Jeffrey Liebman, and David A. Wise. |
| 260 |
_aChicago : _bUniversity of Chicago Press, _cc2009. |
||
| 300 |
_a459 f.: _bme il.; _c21 cm. |
||
| 490 | 0 | _aA National Bureau of Economic Research conference report | |
| 650 | 0 | _aSigurimet shoqërore | |
| 700 | 1 | _aBrown, Jeffrey R. | |
| 700 | 1 | _aLiebman, Jeffrey B. | |
| 700 | 1 | _aWise, David A. | |
| 942 |
_2udc _cBK |
||
| 999 |
_c1348 _d1348 |
||